Chemical engineering plant design (Record no. 18678)

000 -LEADER
fixed length control field 00563nam a22002051 4500
001 - CONTROL NUMBER
control field 18678
003 - CONTROL NUMBER IDENTIFIER
control field BD-DhUET
008 - FIXED-LENGTH DATA ELEMENTS--GENERAL INFORMATION
fixed length control field 840411s1959 nyua 000 0 eng
040 ## - CATALOGING SOURCE
Original cataloging agency DLC/ICU
Transcribing agency ICU
Modifying agency BD-DhUET
082 00 - DEWEY DECIMAL CLASSIFICATION NUMBER
Classification number 660.28
Item number VIL/1959
100 1# - MAIN ENTRY--PERSONAL NAME
Personal name Vilbrandt, Frank C.
245 10 - TITLE STATEMENT
Title Chemical engineering plant design
250 ## - EDITION STATEMENT
Edition statement 4th ed.
260 ## - PUBLICATION, DISTRIBUTION, ETC. (IMPRINT)
Place of publication, distribution, etc. New York
Name of publisher, distributor, etc. McGraw-Hill
Date of publication, distribution, etc. 1959
300 ## - PHYSICAL DESCRIPTION
Extent 534 p.
Other physical details illus.
Dimensions 24 cm.
490 0# - SERIES STATEMENT
Series statement McGraw-Hill series in chemical engineering
650 #0 - SUBJECT ADDED ENTRY--TOPICAL TERM
Topical term or geographic name as entry element Chemical engineering
700 ## - ADDED ENTRY--PERSONAL NAME
Personal name Dryden, Charles E.
942 ## - ADDED ENTRY ELEMENTS (KOHA)
Koha item type General Book
Holdings
Lost status Not for loan Damaged status Koha full call number Source of classification or shelving scheme Shelving location Sublocation or collection (holding branch) Koha item type Piece designation (barcode) Koha date last seen Location (home branch) Withdrawn status Koha normalized classification for sorting Price effective from Date acquired Copy number
   660.28/VIL/1959 Circulation sectionCentral Library, BUETGeneral Book163702015-03-31Central Library, BUET 660_280000000000000_VIL_19592015-03-312015-03-311
   660.28/VIL/1959 Circulation sectionCentral Library, BUETGeneral Book244672015-03-31Central Library, BUET 660_280000000000000_VIL_19592015-03-312015-03-312
   660.28/VIL/1959 Circulation sectionCentral Library, BUETContented Book 244682015-03-31Central Library, BUET 660_280000000000000_VIL_19592015-03-312015-03-313
   660.28/VIL/1959 Circulation sectionCentral Library, BUETGeneral Book163692015-03-31Central Library, BUET 660_280000000000000_VIL_19592015-03-312015-03-314
   660.28/VIL/1959 Circulation sectionCentral Library, BUETGeneral Book10602015-05-14Central Library, BUET 660_280000000000000_VIL_19592015-05-142015-05-145
   660.28/VIL/1959 Circulation sectionCentral Library, BUETGeneral Book112292015-05-14Central Library, BUET 660_280000000000000_VIL_19592015-05-142015-05-146
   660.28/VIL/1959 Reading sectionCentral Library, BUETReading Item112312015-06-18Central Library, BUET 660_280000000000000_VIL_19592015-06-182015-06-187